| 000 | 00000nam##2200000za#4500 |
| 001 | 9.615593 |
| 003 | CaOODSP |
| 005 | 20201118084519 |
| 007 | ta |
| 008 | 150406|1999||||xxc||||| f|0| 0 eng|d |
| 040 | |aCaOODSP|beng |
| 043 | |an-cn--- |
| 086 | 1 |aH113-1/10-1999E |
| 110 | 1 |aCanada. |bPest Management Regulatory Agency. |
| 245 | 10|aEffective control of moles and voles (field mice) |
| 260 | |aOttawa - Ontario : |bHealth Canada. |c1999. |
| 300 | |a1 folded sheet. : |billus. ; |c22 cm. |
| 490 | 1 |aPest note |
| 563 | |aPamphlet |
| 590 | |a01-41|b2001-10-12 |
| 690 | 07|aPesticides|2gcpds |
| 690 | 07|aPests|2gcpds |
| 775 | 08|tLutte efficace contre les taupes et les campagnols (souris des champs) |w(CaOODSP)9.625644 |
| 776 | 0#|tEffective control of moles and voles (field mice) |w(CaOODSP)9.572520 |
| 830 | #0|aPest note.|w(CaOODSP)9.514697 |